LEADER 00975nam a2200253 u 4500 001 000000073343 003 CaOOAMICUS 005 20070226122336.0 008 020628s1976 it u000 u ita u 035 $a10935340 040 $aPUL(R)$bita 100 1 $aGiannantoni, Gabriele.$0(OLS)http://pul/name/19333 245 13$aIl marxismo di Galvano della Volpe /$cGabriele Giannantoni. 260 $aRoma :$bEditori Riuniti,$cc1976. 300 $a167 p. ;$c19 cm 490 1 $aArgomenti ;$v61 504 $aNote bibliografiche. 830 0$aArgomenti (Editori Riuniti) ;$v61.$0(OLS)http://pul/title/63742 850 $aPUL 852 $aPUL$W1$xDP1 Cons. Gen., Altre Classi 1$y22$m842 C 4$j94784$nBK-PRI$b $qStampati$B94784$CPULBib$Z2$F94784 $H $81 941 1 $a8 961 $aINV: 61280 996 $6245$aIl marxismo di Galvano della Volpe$9(OLS)http://pul/title/96393 996 $6260$aRoma :$bEditori Riuniti$9(OLS)http://pul/publisher/54152 LEADER 01486namaa2200313 i 4500 001 000000177219 003 CaOOAMICUS 005 20240912111807.0 007 tu 008 240912s2023 it m 000 u eng r 040 $aPUL$bita$erda 100 1 $aPenttinen, Alpo Jaakko Tapani,$d1990-,$eautore dissertazione.$0(OLS)http://pul/name/113945 245 10$aAfter secularization :$ba fundamental theological study of radical secularization /$cPenttinen Alpo Jaakko Tapani. 264 1$aRoma :$b[s.n.],$c2023. 300 $a284 pagine ; $c24 cm 336 $atesto$btxt$2rdacontent 337 $asenza mediazione$bn$2rdamedia 338 $avolume$bnc$2rdacarrier 502 $aEstratto di dissertazione: Pontificia Università Gregoriana, Facoltà di Teologia, n. 7144. 504 $aBibliografia: pagine [249]-280. 650 4$aSecolarizzazione$xTeorie$ySec. XX.$0(OLS)http://pul/subject/41006 650 4$aSociologia della religione.$0(OLS)http://pul/subject/44488 710 2 $aPontificia Università Gregoriana.$bFacoltà di teologia.$kTesi.$0(OLS)http://pul/name/81592 850 $aPUL 852 $aPUL$W1$xDP1 Tesi Pon. Univ. Gregoriana$y40$m2023 B 37$j201207$qTesi$B206173$CPULBib$Z2$F206173 $Hnull $82 941 1 $a16 996 $6245$aAfter secularization :$ba fundamental theological study of radical secularization$9(OLS)http://pul/title/218727 996 $6264$aRoma :$b[s.n.]$9(OLS)http://pul/publisher/47958